| 000 | 01910nam a22003375a 4500 | ||
|---|---|---|---|
| 999 |
_c28230 _d28201 |
||
| 003 | EG-ScBUE | ||
| 005 | 20200304132724.0 | ||
| 008 | 200219s2007 ua f b 000 0 ara d | ||
| 017 | _a2007 / 25781 | ||
| 040 |
_aEG-ScBUE _bara _erda _cEG-ScBUE _dEG-ScBUE |
||
| 043 | _af-ua--- | ||
| 082 | 0 | 4 |
_a342.620664 _bأ ب و _222 |
| 100 | 1 |
_aأبو العينين، محمد ماهر، _eمؤلف. |
|
| 245 | 1 | 0 |
_aضوابط مشروعية القرارات الإدارية : _bوفقا للمنهج القضائي : دراسة تحليلية وفقهية لأحكام وفتاوى مجلس الدولة في مصر / _cالمستشار الدكتور محمد ماهر أبو العينين، نائب رئيس مجلس الدولة. |
| 264 | 1 |
_a[مكان النشر غير معرف] : _b[الناشر غير معرف]، _c[2007] |
|
| 264 | 3 |
_aالجيزة، مصر : _bدار أبو المجد للطباعة |
|
| 300 |
_a3 مجلدات ؛ _c24 سم |
||
| 336 |
_aنص _btxt _2rdacontent |
||
| 337 |
_aبدون وسيط _bn _2rdamedia |
||
| 338 |
_aمجلد _bnc _2rdacarrier |
||
| 504 | _aيشتمل على إرجاعات ببليوجرافية. | ||
| 505 | 0 | _aالكتاب الأول. القاضي الإداري ومحاور ضبط مشروعية القرارات الإدارية -- الكتاب الثاني. الرقابة القضائية على وجود وسريان ونفاذ وتحول القرارات الإدارية -- الكتاب الثالث. نهاية القرارات الإدارية. | |
| 541 | _aBook Fair, 2020 | ||
| 610 | 1 | 7 |
_aمصر. _bمجلس الدولة. _2BUEsh |
| 650 | 7 |
_aالقضاء الإداري _xقوانين وتشريعات _zمصر. _2BUEsh |
|
| 650 | 7 |
_aالإجراءات الإدارية _xقوانين وتشريعات _zمصر. _2BUEsh |
|
| 650 | 7 |
_aالقانون الإداري _zمصر. _2BUEsh |
|
| 651 | _2BUEsh | ||
| 653 |
_bLLAAWW _cMarch2020 |
||
| 942 | _2ddc | ||